00886 2200325 4500001002100000005001500021035002000036007000300056040001700059100002500076245005300101250001200154300003800166020001800204041000800222082001400230084002000244090002700264264003800291336002100329337003000350338002300380650001900403700003900422850001000461008004100471990001600512990001600528990001600544INLIS00000000000745820260602111601 a0010-0822000432ta aSBPUPADbind0 aSusmayatiePengarang1 aAneka Masakan Betawi Sunda dan Jawa /cSusmayati a.-cet.2 ax, 162 hlm :bilus. ;c20 x 14 cm a979-518-256-007aind a641.598.2 a641.598.2 SUS a a641.598.2 SUS a L20-9 a.--Jakarta :bRineka Cipta,c2002 2rdacontentateks 2rdamediaatanpa perantara 2rdacarrieravolume 4aKuliner Daerah aPengarang ke-2, AsnidarePengarang aPUPAD260602 0  a14759/BR-14 a14758/BR-14 a14757/BR-14